书目信息 |
| 题名: |
印纺工业
|
|
| 作者: | 肖东发 主编 ;蒲永平 编著 | |
| 分册: | ||
| 出版信息: | 北京 现代出版社 2015 |
|
| 页数: | 164页 | |
| 开本: | 23cm | |
| 丛书名: | 中华精神家园 | |
| 单 册: | ||
| 中图分类: | TS1-092 , TS1 | |
| 科图分类: | ||
| 主题词: | 纺织工业--技术史--中国--古代 , 染整工业--技术史--中国--古代 | |
| 电子资源: | ||
| ISBN: | 978-7-5143-3086-1 | |
| 000 | 01150oam2 2200301 450 | |
| 001 | 2373400748 | |
| 005 | 20231128223535.00 | |
| 010 | @a978-7-5143-3086-1@dCNY29.80 | |
| 100 | @a20181129e2015 em y0chiy50 ea | |
| 101 | 0 | @achi |
| 102 | @aCN@b110000 | |
| 105 | @aa z 000yy | |
| 200 | 1 | @a印纺工业@Ayin fang gong ye@e历代纺织与印染工艺@f肖东发主编@g蒲永平编著 |
| 210 | @a北京@c现代出版社@d2015 | |
| 215 | @a164页@c图@d23cm | |
| 225 | 2 | @@a中华精神家园@i历史长河 |
| 330 | @a本书按照时间顺序共分为四个部分,介绍了中国古代各个时期的纺织与印染技术的发展。内容包括:先秦印染原料与印染技术、先秦时期的纺织原料加工、隋代的染织工艺技术、唐代印染与刺绣工艺、宋代彩印与刺绣工艺、元代回族织金技术、清代丝织云锦工艺、清代棉纺毛纺工艺等。 | |
| 410 | 0 | @12001 @a中华精神家园 |
| 410 | 0 | @12001 @a历史长河 |
| 517 | 1 | @a历代纺织与印染工艺@9li dai fang zhi yu yin ran gong yi |
| 606 | 0 | @a纺织工业@x技术史@y中国@z古代 |
| 606 | 0 | @a染整工业@x技术史@y中国@z古代 |
| 690 | @aTS1-092@v5 | |
| 690 | @aTS1@v4 | |
| 701 | 0 | @a肖东发@Axiao dong fa@4主编 |
| 702 | 0 | @a蒲永平@Apu yong ping@4编著 |
| 801 | 0 | @aCN@b91MARC@c20181129 |
| 905 | @aZUCC@dTS1@e8 | |
| 印纺工业:历代纺织与印染工艺/肖东发主编/蒲永平编著.-北京:现代出版社,2015 |
| 164页:图;23cm.-(中华精神家园.历史长河) |
| ISBN 978-7-5143-3086-1:CNY29.80 |
| 本书按照时间顺序共分为四个部分,介绍了中国古代各个时期的纺织与印染技术的发展。内容包括:先秦印染原料与印染技术、先秦时期的纺织原料加工、隋代的染织工艺技术、唐代印染与刺绣工艺、宋代彩印与刺绣工艺、元代回族织金技术、清代丝织云锦工艺、清代棉纺毛纺工艺等。 |
| ● |
| 相关链接 |
|
|
|
正题名:印纺工业
索取号:TS1/8
 
预约/预借
| 序号 | 登录号 | 条形码 | 馆藏地/架位号 | 状态 | 备注 |
| 1 | 2001007491 | 2001007491 | 第四书库/四28架B面4层6列/ [索取号:TS1/8] | 在馆 | |
| 2 | 2001007492 | 2001007492 | 第四书库/四28架B面4层6列/ [索取号:TS1/8] | 在馆 | |
| 3 | 2001007493 | 2001007493 | 第四书库/四28架B面4层6列/ [索取号:TS1/8] | 在馆 | |
| 4 | 2001007494 | 2001007494 | 第四书库/四28架B面4层6列/ [索取号:TS1/8] | 在馆 | |
| 5 | 2001007495 | 2001007495 | 第四书库/四28架B面4层6列/ [索取号:TS1/8] | 在馆 | |
| 6 | 2001007496 | 2001007496 | 第四书库/四28架B面4层6列/ [索取号:TS1/8] | 在馆 |